Score 0/14 Timer 03:00
1 Play Today
Hint Answer % Correct
LTUCCLUTCH
93.1%
POALUPLOAD
88.8%
OTATTATTOO
85.7%
DINGINDIGO
84.6%
AZRILIZARD
84.1%
LASTCASTLE
83.9%
RAULWALRUS
81.3%
Hint Answer % Correct
LEVW TWELVE
79.2%
AIUTGUITAR
77.2%
FILE PILFER
73.8%
HERPSPHERE
73.7%
ROBA HARBOR
73.6%
SOAN HANSOM
67.1%
BRIEGERBIL
63.7%
Remove Ads.
Support Sporcle.
Get the best of Sporcle when you Go Orange. This ad-free experience offers more features, more stats, and more fun while also helping to support Sporcle. Thank you for becoming a member.

You're not logged in!

Compare scores with friends on all Sporcle quizzes.
OR
Log In

Show Comments

Extras

Top Quizzes Today


Score Distribution

Your Account Isn't Verified!

In order to create a playlist on Sporcle, you need to verify the email address you used during registration. Go to your Sporcle Settings to finish the process.

Report this User

Report this user for behavior that violates our Community Guidelines.

Details: